พจนานุกรมศัพท์วรรณคดีไทย สมัยสุโขทัย ไตรภูมิกถา / (ระเบียนเลขที่ 66323)
| 000 -LEADER | |
|---|---|
| fixed length control field | 01078nam a22002297a 4500 |
| 003 - CONTROL NUMBER IDENTIFIER | |
| control field | NALT |
| 005 - DATE AND TIME OF LATEST TRANSACTION | |
| control field | 20220523141126.0 |
| 008 - FIXED-LENGTH DATA ELEMENTS--GENERAL INFORMATION | |
| fixed length control field | s2554 th ||||| |||| 00| 0 tha d |
| 020 ## - INTERNATIONAL STANDARD BOOK NUMBER | |
| International Standard Book Number | 9786167073422 |
| 040 ## - CATALOGING SOURCE | |
| Original cataloging agency | NALT |
| 050 ## - LIBRARY OF CONGRESS CALL NUMBER | |
| Classification number | PL 4200.A52 |
| Item number | ร421พ 2554 |
| 110 2# - MAIN ENTRY--CORPORATE NAME | |
| Corporate name or jurisdiction name as entry element | ราชบัณฑิตยสถาน |
| 9 (RLIN) | 4278 |
| 245 10 - TITLE STATEMENT | |
| Title | พจนานุกรมศัพท์วรรณคดีไทย สมัยสุโขทัย ไตรภูมิกถา / |
| Statement of responsibility, etc. | ราชบัณฑิตยสถาน. |
| 250 ## - EDITION STATEMENT | |
| Edition statement | พิมพ์ครั้งที่ 2 |
| 260 ## - PUBLICATION, DISTRIBUTION, ETC. | |
| Place of publication, distribution, etc. | กรุงเทพฯ : |
| Name of publisher, distributor, etc. | ราชบัณฑิตยสถาน (สนามเสือป่า), |
| Date of publication, distribution, etc. | 2554. |
| 300 ## - PHYSICAL DESCRIPTION | |
| Extent | 781 หน้า : |
| Other physical details | ภาพประกอบ ; |
| Dimensions | 27 ซม. |
| 650 #4 - SUBJECT ADDED ENTRY--TOPICAL TERM | |
| Topical term or geographic name entry element | วรรณคดีไทย |
| 9 (RLIN) | 17998 |
| General subdivision | พจนานุกรม |
| 650 #4 - SUBJECT ADDED ENTRY--TOPICAL TERM | |
| Topical term or geographic name entry element | ไตรภูมิ |
| 9 (RLIN) | 58070 |
| General subdivision | พจนานุกรม |
| 850 ## - HOLDING INSTITUTION | |
| Holding institution | NALT |
| 942 ## - ADDED ENTRY ELEMENTS (KOHA) | |
| Koha item type | General Book |
| Source of classification or shelving scheme | Library of Congress Classification |
| 998 ## - STAFF NAME (NALT) | |
| -- | 104 |
| -- | สายฝน ดีงาม |
| Withdrawn status | Lost status | Source of classification or shelving scheme | Damaged status | Not for loan | Collection code | Home library | Current library | Shelving location | Date acquired | Source of acquisition | Full call number | Barcode | Date last seen | Price effective from | Koha item type | Total Checkouts |
|---|---|---|---|---|---|---|---|---|---|---|---|---|---|---|---|---|
| Library of Congress Classification | General Book collection | National Assembly Library of Thailand | National Assembly Library of Thailand | General Book shelves | 23/05/2022 | บริจาค | PL 4200.A52 ร421พ 2554 | 3961189407 | 09/06/2017 | 09/06/2017 | General Book | |||||
| Library of Congress Classification | Senate | National Assembly Library of Thailand | National Assembly Library of Thailand | General Book shelves | 14/12/2024 | PL 4200.A52 ร421พ 2554 | 0100007475001 | 14/12/2024 | 14/12/2024 | General Book |
